00935nai a2200205Ia 4500003000900000008004100009022002200050022002300072040001600095245008600111260008600197310001400283362003600297521006900333650003600402856009300438942000700531999001700538952017400555IN-BaIIA211028c9999 xx s 000 0 eng d a2168-1740 (Print) a2168-1759 (Online) cIIA Library 0aTransactions of the I.R.E. Professional Group on Electronic Computersh[eJournal] aNew York, USAbThe Institute of Electrical and Electronics Engineers, Inc. (IEEE) aQuarterly aPGEC-1(1); 1952 - EC-3(4); 1954 bSubscribed through National Knowledge Resource Consortium (NKRC) aComputing and Processing948785 uhttps://ieeexplore.ieee.org/servlet/opac?punumber=5407679yClick Here to Access eJournal cEJ c35815d35815 00104070aBANbBANd2009-01-01eNKRChPGEC-1(1); 1952 - EC-3(4); 1954l0pEJ1899r2021-11-05uhttps://ieeexplore.ieee.org/servlet/opac?punumber=5407679w2021-11-05yEJ